|
|
|
|
| LEADER |
00000nam0a2200000 4500 |
| 001 |
271602 |
| 005 |
20231101234443.0 |
| 035 |
|
|
|a (RuTPU)RU\TPU\book\294803
|
| 090 |
|
|
|a 271602
|
| 100 |
|
|
|a 20141009d1911 km y0rusy50 ca
|
| 101 |
0 |
|
|a rus
|
| 102 |
|
|
|a RU
|
| 105 |
|
|
|a af z 000zy
|
| 200 |
1 |
|
|a Очерки русско-монгольской торговли. Экспедиция в Монголию 1910 года
|f М. И. Боголепов, М. Н. Соболев
|
| 210 |
|
|
|a Томск
|c Типо-литография Сибирского Т-ва Печатного Дела
|d 1911
|
| 215 |
|
|
|a VII, 498 с.
|c с приложением 22 фотографий и торговой карты Монголии
|
| 225 |
1 |
|
|a Труды Томского О-ва изучения Сибири
|v Т.1
|
| 300 |
|
|
|a Раздельная пагинация страниц
|
| 316 |
|
|
|5 63413507: 40//622
|a Неполный экземпляр. Отсутствуют с. 481-498 и торговая карта Монголии
|
| 316 |
|
|
|5 63413507: 40//622
|a Страницы книжного блока не разрезаны
|
| 606 |
1 |
|
|a Внешняя торговля
|2 stltpush
|3 (RuTPU)RU\TPU\subj\36004
|9 57535
|
| 606 |
1 |
|
|a Социально-экономические отношения в Западной Сибири
|x История
|2 stltpush
|3 (RuTPU)RU\TPU\subj\67216
|9 83099
|
| 610 |
1 |
|
|a Монголия
|
| 610 |
1 |
|
|a Россия
|
| 610 |
1 |
|
|a Сибирь
|
| 610 |
1 |
|
|a история
|
| 610 |
1 |
|
|a профессора ТТИ
|
| 610 |
1 |
|
|a коллекция ТПУ
|
| 686 |
|
|
|a У9(2)843
|v LBC/SL-A
|2 rubbk
|
| 686 |
|
|
|a Т3(253)-2
|v LBC/SL-A
|2 rubbk
|
| 700 |
|
1 |
|a Боголепов
|b М. И.
|c чл. корр. АН СССР (1939)
|c экономист
|f 1879-1945
|g Михаил Иванович
|2 stltpush
|3 (RuTPU)RU\TPU\pers\23886
|9 10530
|
| 701 |
|
1 |
|a Соболев
|b М. Н.
|c профессор Императорского Томского университета
|c российский экономист
|f 1869-?
|g Михаил Николаевич
|2 stltpush
|3 (RuTPU)RU\TPU\pers\6899
|
| 801 |
|
1 |
|a RU
|b 63413507
|c 20141009
|
| 801 |
|
2 |
|a RU
|b 63413507
|c 20201207
|g RCR
|
| 942 |
|
|
|c BK
|